000 01017cam a22003133a 4500
001 5674
003 PGUSA
005 20140828083123.0
008 040501s2004||||xxu|||||s|||||000 1 eng d
040 _aPGUSA
_beng
042 _adc
050 4 _aPZ
050 4 _aPS
100 1 _aAlger, Horatio,
_d1832-1899
245 1 0 _aHector's Inheritance, Or, the Boys of Smith Institute
_h[electronic resource] /
_cHoratio Alger
260 _bProject Gutenberg,
_c2004
506 _aPublic domain in the USA.
516 _aElectronic text
653 _aBoarding schools -- Juvenile fiction
653 _aSchools -- Juvenile fiction
653 _aConduct of life -- Juvenile fiction
653 _aFraud -- Juvenile fiction
653 _aIdentity -- Juvenile fiction
653 _aInheritance and succession -- Juvenile fiction
653 _aNew York (State) -- History -- 19th century -- Juvenile fiction
830 0 _aProject Gutenberg
_v5674
856 4 0 _uhttp://www.gutenberg.org/ebooks/5674
942 _cEB
999 _c235002
_d235002